The use of pulsating stars in fundamental problems of astronomy (Record no. 10135)

MARC details
000 -LEADER
fixed length control field 01002nam a2200253Ia 4500
003 - CONTROL NUMBER IDENTIFIER
control field IN-BaIIA
008 - FIXED-LENGTH DATA ELEMENTS--GENERAL INFORMATION
fixed length control field 211028s9999 xx 000 0 eng d
020 ## - INTERNATIONAL STANDARD BOOK NUMBER
International Standard Book Number 0-521-37023-X
040 ## - CATALOGING SOURCE
Transcribing agency IIA Library
080 ## - UNIVERSAL DECIMAL CLASSIFICATION NUMBER
Universal Decimal Classification number 082.2:52
Item number IAU-C111
111 ## - MAIN ENTRY--MEETING NAME
Meeting name or jurisdiction name as entry element International Astronomical Union Colloquium
Location of meeting Nebraska
Date of meeting or treaty signing 1988 Aug. 15-17
9 (RLIN) 17173
245 #4 - TITLE STATEMENT
Title The use of pulsating stars in fundamental problems of astronomy
Remainder of title proceedings of the International Astronomical Union Colloquium No.111 held in Nebraska, Aug. 15-17, 1988
Statement of responsibility, etc. edited by E. G. Schmidt
260 ## - PUBLICATION, DISTRIBUTION, ETC.
Place of publication, distribution, etc. Cambridge
Name of publisher, distributor, etc. Cambridge University Press
Date of publication, distribution, etc. 1989
300 ## - PHYSICAL DESCRIPTION
Extent vii, 288p.
490 ## - SERIES STATEMENT
Series statement IAU colloquium; no.111
650 ## - SUBJECT ADDED ENTRY--TOPICAL TERM
Topical term or geographic name entry element Astronomy and Astrophysics Thesaurus
650 ## - SUBJECT ADDED ENTRY--TOPICAL TERM
Topical term or geographic name entry element Galaxy
9 (RLIN) 3368
650 ## - SUBJECT ADDED ENTRY--TOPICAL TERM
Topical term or geographic name entry element Milky Way
9 (RLIN) 6712
650 ## - SUBJECT ADDED ENTRY--TOPICAL TERM
Topical term or geographic name entry element Stellar Evolution
650 ## - SUBJECT ADDED ENTRY--TOPICAL TERM
Topical term or geographic name entry element Stellar Pulsation
9 (RLIN) 11762
700 ## - ADDED ENTRY--PERSONAL NAME
Personal name Schmidt, E. G., ed.
9 (RLIN) 17174
710 ## - ADDED ENTRY--CORPORATE NAME
Corporate name or jurisdiction name as entry element International Astronomical Union
942 ## - ADDED ENTRY ELEMENTS (KOHA)
Koha item type Books
Holdings
Withdrawn status Lost status Damaged status Not for loan Home library Current library Shelving location Date acquired Cost, normal purchase price Total Checkouts Full call number Barcode Date last seen Cost, replacement price Price effective from Koha item type Purchase Price
        IIA Library-Bangalore IIA Library-Kavalur General Stacks 12/02/1991 1199.25   082.2:52/ IAU-C111 11045 05/11/2021 1199.25 12/02/1991 Books Rs. 1199.25

Powered by Koha